LEADER 00915nam a2200217 i 4500 001 000000123107 003 CaOOAMICUS 005 20040217000000.0 008 040217s1969 it u000 u ita u 013 $a95802 040 $aSeMil$bita 245 10$aIndice ; Bibliografia ; Repertorio cronologico. 300 $a[32] p. :$bill. 490 0 $aI maestri del colore : la più grande collana d'arte del mondo ;$v281 650 4$aPittura.$0(OLS)http://semarc/subject/471 773 0 $tStoria della pittura.$dMilano : Fabbri, copyr. 1966-copyr. 1969.$gVolume6$w()11031 830 2$aI maestri del colore : la più grande collana d'arte del mondo ;$v281.$0(OLS)http://semarc/title/2091 850 $aSeMil 852 $aSeMil$W1$xVenegono$y1$m5H XII 13/281$j77907$B77907$CSeMilBibl$Z2$F80083 $81 961 $aOmaggio: Altro 996 $6245$aIndice ; Bibliografia ; Repertorio cronologico$9(OLS)http://semarc/title/181158 LEADER 00603naa a2200145 i 4500 001 000000295988 003 CaOOAMICUS 005 20180831172536.0 008 180831n xx u000 u und u 013 $a3398 040 $aSeMil$bita 100 1 $aGründel, Johannes,$d<1929-2015>.$0(OLS)http://semarc/name/13162 245 10$aStrukturen einer theologischen Ethik-gewonnen aus der Erfahrung. 773 0 $tReligiöse Erfahrung und theologische Reflexion.$dPaderbon : Bonifatius, 1993.$z3-87088-772-9$w()48658 996 $6245$aStrukturen einer theologischen Ethik-gewonnen aus der Erfahrung$9(OLS)http://semarc/title/372049